Soul and sword : (Record no. 1429618)

MARC details
000 -LEADER
fixed length control field 00517nam a2200181Ia 4500
005 - DATE AND TIME OF LATEST TRANSACTION
control field 20250714142828.0
008 - FIXED-LENGTH DATA ELEMENTS--GENERAL INFORMATION
fixed length control field 008 250516s9999 xx 000 0 eng d
020 ## - INTERNATIONAL STANDARD BOOK NUMBER
International Standard Book Number 9781538126837
040 ## - CATALOGING SOURCE
Language of cataloging eng
Transcribing agency SDCL
041 ## - LANGUAGE CODE
Language code of text/sound track or separate title eng
Source of code eng
084 ## - COLON CLASSIFICATION NUMBER
Classification number Q2 R3
100 ## - MAIN ENTRY--PERSONAL NAME
Personal name Sengupta, Hindol
245 #0 - TITLE STATEMENT
Title Soul and sword :
Remainder of title The endless battle over political hinduism
260 ## - PUBLICATION, DISTRIBUTION, ETC.
Place of publication, distribution, etc. Lanham:
Name of publisher, distributor, etc. Rowman & Littlefield Publishers,
Date of publication, distribution, etc. 2023.
300 ## - PHYSICAL DESCRIPTION
Extent xv,203p.
650 ## - SUBJECT ADDED ENTRY--TOPICAL TERM
Topical term or geographic name entry element Political Science
942 ## - ADDED ENTRY ELEMENTS (KOHA)
Koha item type Textual
Source of classification or shelving scheme Colon Classification (CC)
100 ## - MAIN ENTRY--PERSONAL NAME
-- 461377
999 ## -
-- 1429618
-- 1429618
Holdings
Withdrawn status Lost status Source of classification or shelving scheme Damaged status Not for loan Home library Current library Date acquired Source of acquisition Inventory number Total checkouts Full call number Barcode Date last seen Price effective from Koha item type
    Colon Classification (CC)     South Campus Library South Campus Library 2025-05-22 Classic Book Service 198, 02/01/2025   Q2 R3 SC1691178 2025-05-22 2025-05-22 Textual
Copyright @ Delhi University Library System